AC/DC - Back in Black (Tracks) - Statistics

General Stats
  • This quiz has been taken 52 times
  • The average score is 7 of 10
Answer Stats
Track Number Track Name % Correct
6 Back in Black
100%
1 Hells Bells
92%
7 You Shook Me All Night Long
81%
2 Shoot to Thrill
78%
4 Given the Dog a Bone
69%
8 Have a Drink on Me
67%
3 What Do You Do for Money Honey
58%
10 Rock and Roll Ain't Noise Pollution
53%
9 Shake a Leg
50%
5 Let Me Put My Love into You
44%
No matching quizzes found
Score Distribution
Percent of People with Each Score
Percentile by Number Answered
Your Score History
You have not taken this quiz